| 000 | 00865nam a22002537a 4500 | ||
|---|---|---|---|
| 999 |
_c18841 _d18841 |
||
| 003 | AR-CdUCM | ||
| 008 | 190515b ||||| |||| 00| 0 spa d | ||
| 040 |
_aMUNICIPALIDAD PROVINCIAL DEL CUSCO _cBIBLIOTECA MUNICIPAL DEL CUSCO |
||
| 082 |
_a312 / _bD18 |
||
| 100 |
_aDavis, K. _939698 |
||
| 245 | _aCorrientes demográficas mundiales / | ||
| 260 | _bFondo de Cultura Económica, | ||
| 300 |
_a395 páginas ; _c22 cm. |
||
| 505 | _aContenido: Transición demográfica mundial -- Perspectivas futuras -- La población cambiante de los estados unidos... | ||
| 650 |
_aDemografia _91556 |
||
| 650 |
_apoblacion _93673 |
||
| 700 |
_a M., Hauser _939699 |
||
| 700 |
_aH., Tisdale Eldridge _939700 |
||
| 700 |
_aN.P., Powell _939701 |
||
| 700 |
_aA.P., León _939702 |
||
| 700 |
_aA., Aldama Contreras _939703 |
||
| 942 |
_2ddc _cLIBROS |
||
| 945 |
_adavv _d2019-05-15 |
||